[Event "AUTO-OPEN-3928"]
[Site "http://www.queenalice.com/game.php?id=1563122"]
[Date "2019.3.5"]
[Round "3"]
[White "Zorychta"]
[Black "jandamian"]
[Result "0-1"]
[WhiteElo "2469"]
[BlackElo "2741"]

1. e4 e5 2. Nf3 Nc6 3. Bb5 a6 4. Ba4 Nf6 5. O-O Be7 6. Re1 b5 7. Bb3 d6 8. c3
O-O 9. h3 Na5 10. Bc2 c5 11. d4 Qc7 12. Nbd2 cxd4 13. cxd4 Nc6 14. Nf1 Bb7 15.
Ng3 Rfd8 16. Be3 Rac8 17. Rc1 Qa5 18. Nf5 Bf8 19. a3 g6 20. Ng3 Bg7 21. dxe5
dxe5 22. Qe2 Rd7 23. Red1 Rcd8 24. Rxd7 Rxd7 25. Rd1 Qd8 26. Kh2 Qe7 27. Nd2 Nd4
28. Bxd4 exd4 29. Re1 h5 30. f3 h4 0-1

[Event "Challenge"]
[Site "http://www.queenalice.com/game.php?id=1575056"]
[Date "2019.6.21"]
[Round "-"]
[White "Browser"]
[Black "Zorychta"]
[Result "0-1"]
[WhiteElo "1098"]
[BlackElo "2471"]

1. f4 d5 2. Nf3 Nf6 3. e3 g6 4. d4 Bg7 5. c4 c5 6. Nc3 cxd4 7. exd4 Nc6 8. a3
O-O 9. c5 Bg4 10. h3 Bxf3 11. gxf3 Nh5 12. b4 Nxd4 13. Bb2 e5 14. Kf2 Qh4+ 15.
Ke3 Qxf4+ 16. Kf2 e4 17. Nxd5 Qg3+ 0-1

[Event "Albator007"]
[Site "http://www.queenalice.com/game.php?id=1575644"]
[Date "2019.6.27"]
[Round "3"]
[White "jacconsultoria"]
[Black "Zorychta"]
[Result "1/2-1/2"]
[WhiteElo "2730"]
[BlackElo "2473"]

1. c4 e5 2. Nc3 Nf6 3. g3 Bb4 4. Bg2 O-O 5. Nf3 Nc6 6. O-O e4 7. Ng5 Bxc3 8.
dxc3 Re8 9. Qc2 Qe7 10. Nh3 Ne5 11. Bg5 Neg4 12. Rad1 h6 13. Bc1 d6 14. Nf4 e3
15. f3 Nf2 16. Rde1 g5 17. Nd5 Nxd5 18. cxd5 Nh3+ 19. Kh1 Nf2+ 20. Kg1 Nh3+ 21.
Kh1 Nf2+ 22. Kg1 1/2-1/2

[Event "Kasker 4"]
[Site "http://www.queenalice.com/game.php?id=1589256"]
[Date "2019.11.6"]
[Round "2"]
[White "Zorychta"]
[Black "breizatao"]
[Result "0-1"]
[WhiteElo "2478"]
[BlackElo "2528"]

1. e4 e5 2. Nf3 Nc6 3. Bc4 Nf6 4. d4 exd4 5. O-O Nxe4 6. Re1 d5 7. Bxd5 Qxd5 8.
Nc3 Qd7 9. Nxe4 Be7 10. Bg5 O-O 11. Bxe7 Qxe7 12. Nxd4 Bd7 13. c3 Rfe8 14. Qd2
Rad8 15. Rad1 h6 16. Ng3 Qd6 17. Rxe8+ Rxe8 0-1

[Event "AUTO-ELITE-2176"]
[Site "http://www.queenalice.com/game.php?id=1591833"]
[Date "2019.12.2"]
[Round "1"]
[White "TheWatcher"]
[Black "Zorychta"]
[Result "0-1"]
[WhiteElo "2267"]
[BlackElo "2471"]

1. d4 d5 2. Nf3 Nf6 3. Bg5 Ne4 4. Bf4 c5 5. e3 Qb6 6. dxc5 Qxb2 7. Be5 Qb4+ 8.
Nbd2 Nc6 9. Rb1 Qxc5 10. Rb5 Qa3 11. Bb2 Qxa2 12. Nxe4 dxe4 13. Nd4 e5 14. Nxc6
bxc6 15. Rxe5+ Be6 16. Bd4 Rb8 0-1

[Event "AUTO-ELITE-2176"]
[Site "http://www.queenalice.com/game.php?id=1591834"]
[Date "2019.12.2"]
[Round "1"]
[White "Zorychta"]
[Black "TheWatcher"]
[Result "1-0"]
[WhiteElo "2484"]
[BlackElo "2284"]

1. Nf3 Nf6 2. g3 c5 3. c4 Nc6 4. Bg2 d5 5. cxd5 Nxd5 6. Nc3 Nc7 7. d3 e5 8. Nd2
Be7 9. Nc4 Bd7 10. O-O b5 11. Bxc6 Bxc6 12. Nxe5 Bb7 13. Qb3 O-O 14. Nxb5 Ne6
15. Nc3 Rb8 16. Qa4 Rc8 17. Qd7 Qxd7 18. Nxd7 Rfd8 19. Ne5 f6 20. Nc4 g5 21. f4
g4 22. f5 Ng7 23. Bh6 Kf7 24. Rf4 Rg8 25. Nb5 1-0

[Event "AUTO-ELITE-2176"]
[Site "http://www.queenalice.com/game.php?id=1591839"]
[Date "2019.12.2"]
[Round "1"]
[White "jandamian"]
[Black "Zorychta"]
[Result "1-0"]
[WhiteElo "2773"]
[BlackElo "2486"]

1. e4 e5 2. Nf3 Nc6 3. Bb5 a6 4. Ba4 Nf6 5. O-O Be7 6. Re1 b5 7. Bb3 d6 8. c3
O-O 9. h3 Na5 10. Bc2 c5 11. d4 Qc7 12. Nbd2 cxd4 13. cxd4 Bb7 14. d5 Rac8 15.
Bd3 h6 16. b3 Qb6 17. Bb2 Rfd8 18. Qe2 Ba8 19. Rec1 Nd7 20. Rc2 Nb7 21. Rac1 Rc5
22. Rxc5 Nbxc5 23. Bb1 a5 24. Ne1 Bg5 25. Kh1 Rf8 26. f3 Bb7 27. Nd3 1-0

[Event "AUTO-ELITE-2176"]
[Site "http://www.queenalice.com/game.php?id=1591840"]
[Date "2019.12.2"]
[Round "1"]
[White "Zorychta"]
[Black "jandamian"]
[Result "0-1"]
[WhiteElo "2488"]
[BlackElo "2771"]

1. Nf3 Nf6 2. c4 g6 3. Nc3 Bg7 4. e4 d6 5. d4 O-O 6. Be2 Nbd7 7. O-O e5 8. d5
Nc5 9. Qc2 a5 10. Bg5 h6 11. Be3 b6 12. h3 Nh5 13. Nd2 Nf4 14. Bxf4 exf4 15.
Rab1 Qe7 16. Nf3 Bd7 17. b3 Rfe8 18. Bd3 Qf6 19. Rfc1 g5 20. Ne2 h5 21. Nh2 g4
22. hxg4 hxg4 23. Nf1 Re5 24. a3 Rh5 0-1

[Event "jandamian"]
[Site "http://www.queenalice.com/game.php?id=1608723"]
[Date "2020.4.21"]
[Round "4"]
[White "greggy"]
[Black "Zorychta"]
[Result "1-0"]
[WhiteElo "2843"]
[BlackElo "2484"]

1. e4 c5 2. Nf3 d6 3. d4 cxd4 4. Nxd4 Nf6 5. Nc3 a6 6. h3 e5 7. Nde2 b5 8. g4 b4
9. Nd5 Nxd5 10. Qxd5 Ra7 11. Be3 Be6 12. Qd3 Rd7 13. Bg2 1-0

[Event "AUTO-ELITE-2254"]
[Site "http://www.queenalice.com/game.php?id=1620945"]
[Date "2020.7.19"]
[Round "1"]
[White "parapunzi"]
[Black "Zorychta"]
[Result "1/2-1/2"]
[WhiteElo "2677"]
[BlackElo "2500"]

1. e4 c5 2. Nf3 d6 3. d4 cxd4 4. Nxd4 Nf6 5. Nc3 a6 6. Bd3 e6 7. Be3 b5 8. O-O
Bb7 9. a3 Nbd7 10. Qf3 Be7 11. Rad1 O-O 12. Qg3 Rc8 13. Bh6 Nh5 14. Qh3 Bg5 15.
Bxg5 Qxg5 16. Nd5 g6 17. f4 Qd8 18. Ne3 e5 19. Ne2 exf4 20. Nxf4 Nhf6 21. c3 Re8
22. Bb1 Bxe4 23. Ba2 Qe7 24. Ned5 Nxd5 25. Nxd5 Bxd5 26. Bxd5 1/2-1/2

[Event "AUTO-ELITE-2254"]
[Site "http://www.queenalice.com/game.php?id=1620946"]
[Date "2020.7.19"]
[Round "1"]
[White "Zorychta"]
[Black "parapunzi"]
[Result "1/2-1/2"]
[WhiteElo "2504"]
[BlackElo "2687"]

1. Nf3 c5 2. g3 d5 3. Bg2 Nc6 4. d4 Nf6 5. O-O cxd4 6. Nxd4 e5 7. Nxc6 bxc6 8.
c4 Be6 9. Nc3 Rc8 10. cxd5 cxd5 11. Bg5 d4 12. Ne4 Be7 13. Nxf6+ Bxf6 14. Bxf6
gxf6 15. Qd2 O-O 16. a4 Kg7 17. b4 Bd5 18. Bh3 Rc3 19. Rfc1 Qc7 20. Rxc3 Qxc3
21. Qxc3 dxc3 22. Rc1 Rb8 23. b5 Bb3 24. Rxc3 Bxa4 25. Rc7 Bxb5 26. Be6 Bxe2 27.
Bxf7 Kf8 28. Ba2 Rb2 29. Rf7+ Ke8 30. Rxa7 Bf3 31. Kf1 Kd8 32. Ke1 Re2+ 33. Kf1
Rd2 34. Bb3 Rb2 35. Ba2 h5 36. Ra3 e4 37. h4 Rd2 1/2-1/2

[Event "AUTO-ELITE-2254"]
[Site "http://www.queenalice.com/game.php?id=1620951"]
[Date "2020.7.19"]
[Round "1"]
[White "BEBADO"]
[Black "Zorychta"]
[Result "0-1"]
[WhiteElo "2288"]
[BlackElo "2491"]

1. e4 c5 2. Nf3 d6 3. d4 cxd4 4. Nxd4 Nf6 5. Nc3 a6 6. Bg5 e6 7. f4 Be7 8. Qf3
Qc7 9. O-O-O Nbd7 10. g4 b5 11. Bxf6 Nxf6 12. g5 Nd7 13. f5 O-O 14. Rg1 b4 15.
f6 bxc3 16. fxe7 cxb2+ 17. Kb1 Re8 18. h4 Rxe7 19. h5 Bb7 20. g6 fxg6 21. hxg6
Rc8 22. gxh7+ Kh8 23. Bd3 Ne5 24. Qh3 d5 0-1

[Event "AUTO-ELITE-2254"]
[Site "http://www.queenalice.com/game.php?id=1620952"]
[Date "2020.7.19"]
[Round "1"]
[White "Zorychta"]
[Black "BEBADO"]
[Result "1-0"]
[WhiteElo "2496"]
[BlackElo "2290"]

1. Nf3 Nf6 2. g3 c5 3. Bg2 d5 4. O-O e6 5. d4 cxd4 6. Nxd4 e5 7. Nf3 Nc6 8. c4
d4 9. e3 Bc5 10. exd4 exd4 11. Nbd2 O-O 12. Nb3 Qb6 13. Bf4 Re8 14. Nxc5 Qxc5
15. Qb3 b6 16. Qb5 Bd7 17. Qxc5 bxc5 18. Ne1 Rac8 19. Nd3 Na5 20. Rfe1 Nxc4 21.
Rxe8+ Nxe8 22. Bb7 Rd8 23. Ba6 Nb6 24. Nxc5 Bc6 25. Rd1 Na4 26. Nxa4 Bxa4 27.
Rd2 g6 28. Be5 1-0

[Event "AUTO-OPEN-3999"]
[Site "http://www.queenalice.com/game.php?id=1623632"]
[Date "2020.8.13"]
[Round "2"]
[White "jova21"]
[Black "Zorychta"]
[Result "0-1"]
[WhiteElo "2009"]
[BlackElo "2490"]

1. e4 c5 2. c3 d5 3. d4 dxe4 4. Bb5+ Bd7 5. Bxd7+ Nxd7 6. dxc5 Nxc5 7. Qc2 Nd3+
8. Kf1 Qd7 9. Be3 e5 10. Na3 f5 11. Rd1 f4 12. Nc4 fxe3 13. Nxe3 Bc5 14. b4 Bxe3
15. fxe3 Qf5+ 16. Nf3 O-O-O 17. Ke2 exf3+ 18. gxf3 Nf4+ 0-1

[Event "AUTO-OPEN-3999"]
[Site "http://www.queenalice.com/game.php?id=1623633"]
[Date "2020.8.13"]
[Round "2"]
[White "Zorychta"]
[Black "jova21"]
[Result "1-0"]
[WhiteElo "2495"]
[BlackElo "2007"]

1. e4 d6 2. d4 g6 3. Nc3 Bg7 4. f4 Nf6 5. Nf3 O-O 6. e5 dxe5 7. fxe5 Nd5 8. Bc4
Nxc3 9. bxc3 Nc6 10. O-O Bg4 11. h3 Bxf3 12. Qxf3 e6 13. Bb3 Nxd4 14. cxd4 Qxd4+
15. Be3 Qxe5 16. Rad1 Rad8 17. Rxd8 Rxd8 18. Qxf7+ Kh8 19. Bf4 Qc5+ 20. Kh1 Qb5
21. Bh6 Qd7 22. Bxg7# 1-0

[Event "Challenge"]
[Site "http://www.queenalice.com/game.php?id=1624808"]
[Date "2020.8.24"]
[Round "-"]
[White "Zorychta"]
[Black "POLONIANYSA"]
[Result "1-0"]
[WhiteElo "2485"]
[BlackElo "2332"]

1. e4 e6 2. d4 d5 3. Nc3 Nf6 4. e5 Nfd7 5. f4 c5 6. Nf3 Nc6 7. Be3 cxd4 8. Nxd4
Bc5 9. Qd2 O-O 10. O-O-O a6 11. g4 Bxd4 12. Bxd4 Nxd4 13. Qxd4 b5 14. Bd3 Bb7
15. Rhf1 Rc8 16. Kb1 1-0

[Event "AUTO-ELITE-2254"]
[Site "http://www.queenalice.com/game.php?id=1760758"]
[Date "2021.5.28"]
[Round "2"]
[White "Zorychta"]
[Black "parapunzi"]
[Result "1/2-1/2"]
[WhiteElo "2504"]
[BlackElo "2636"]

1. Nf3 d5 2. c4 d4 3. e3 Nc6 4. exd4 Nxd4 5. Nxd4 Qxd4 6. Be2 e5 7. O-O g6 8.
Nc3 Ne7 9. d3 c6 10. Be3 Qd8 11. d4 Nf5 12. d5 Nxe3 13. fxe3 f5 14. Qb3 Qb6 15.
Kf2 Bd7 16. Rfd1 Qb4 17. Qxb4 Bxb4 18. a3 Bxc3 19. bxc3 Ke7 20. a4 Rhc8 21. d6+
Kf6 22. Rab1 b6 23. a5 c5 24. e4 Rc6 25. g3 Rb8 26. Ra1 Ke6 27. g4 Rxd6 28.
exf5+ gxf5 29. gxf5+ Ke7 30. axb6 axb6 31. Rxd6 Kxd6 32. Rd1+ Kc7 33. Bd3 Bxf5
34. Bxf5 Rf8 35. Rd7+ Kc6 1/2-1/2

[Event "AUTO-ELITE-2254"]
[Site "http://www.queenalice.com/game.php?id=1760759"]
[Date "2021.5.28"]
[Round "2"]
[White "parapunzi"]
[Black "Zorychta"]
[Result "1-0"]
[WhiteElo "2629"]
[BlackElo "2509"]

1. e4 c5 2. Nf3 d6 3. d4 cxd4 4. Nxd4 Nf6 5. Nc3 a6 6. Be3 e5 7. Nb3 Be7 8. Be2
O-O 9. g4 Be6 10. g5 Nfd7 11. h4 b5 12. Qd2 Qc7 13. O-O-O Rc8 14. Kb1 b4 15. Nd5
Bxd5 16. Qxd5 Qxc2+ 17. Ka1 Qc6 18. Bc4 Qxd5 19. Bxd5 Nc6 20. Rc1 Nc5 21. Nxc5
dxc5 22. h5 Rab8 23. g6 Nd8 24. gxf7+ Nxf7 25. f4 exf4 26. Bxf4 Rb6 27. Rhf1 Rd8
28. Bxf7+ Kxf7 29. Bc7+ Rf6 30. Rxf6+ Bxf6 31. Bxd8 Bxd8 32. Rxc5 a5 33. Rd5 Ke8
34. b3 Ke7 35. Kb1 Bc7 36. Kc2 Bb6 37. Kd3 Bc7 38. Kd4 Bb6+ 39. Ke5 Bc7+ 40. Kf5
Bb6 41. Rb5 Bd8 42. Rb7+ Kf8 43. Ke6 g5 44. Rxh7 Bb6 45. h6 Bd4 46. Rd7 1-0

[Event "AUTO-ELITE-2254"]
[Site "http://www.queenalice.com/game.php?id=1760760"]
[Date "2021.5.28"]
[Round "2"]
[White "Zorychta"]
[Black "jandamian"]
[Result "0-1"]
[WhiteElo "2506"]
[BlackElo "2799"]

1. e4 c5 2. Nf3 d6 3. d4 cxd4 4. Nxd4 Nf6 5. Nc3 g6 6. Be3 Bg7 7. f3 Nc6 8. Qd2
O-O 9. Be2 a6 10. O-O Qc7 11. Rfd1 b5 0-1

[Event "AUTO-OPEN-3999"]
[Site "http://www.queenalice.com/game.php?id=1794558"]
[Date "2022.8.18"]
[Round "3"]
[White "Zorychta"]
[Black "chessman"]
[Result "1-0"]
[WhiteElo "2507"]
[BlackElo "2107"]

1. e4 e6 2. d4 d5 3. Nc3 dxe4 4. Nxe4 Nd7 5. Nf3 Ngf6 6. Nxf6+ Nxf6 7. c3 Be7 8.
g3 O-O 9. Bg2 a6 10. Qe2 Rb8 11. Ne5 c5 12. dxc5 Bxc5 13. O-O Qe7 14. Rd1 h6 15.
Bf4 Ra8 16. c4 Nd7 17. Bxb7 1-0

[Event "AUTO-OPEN-3999"]
[Site "http://www.queenalice.com/game.php?id=1794559"]
[Date "2022.8.18"]
[Round "3"]
[White "chessman"]
[Black "Zorychta"]
[Result "0-1"]
[WhiteElo "2106"]
[BlackElo "2508"]

1. e4 c5 2. Nf3 d6 3. Bb5+ Nd7 4. c4 e6 5. Nc3 Nf6 6. O-O Be7 7. Re1 O-O 8. d3
Nb6 9. d4 a6 10. Ba4 Nxa4 11. d5 Nxc3 12. bxc3 e5 13. h3 Ne8 14. Be3 f5 15. Bd2
fxe4 16. Rxe4 Bf5 17. Re1 e4 0-1